000 00327 a2200121 4500
001 ART_12993
005 20260410161735.0
008 260409a
245 1 0 _aAgentina
100 1 _aSzewach, Enrique
700 1 _aBotana, Natalio
773 0 _tEjecutivos de finanzas
_g- Año 8, Nº 73 (feb. 1991)
_wREV2863
999 _c18181
_d18181